000 01214nam a2200349 i 4500
999 _c2225
_d2225
001 019386465
003 UkOxU
005 20230403095606.0
008 120914r20121997enka |0|0 1|eng
015 _aGBB388751
_2bnb
020 _a9780440870227 (paperback)
035 _a(Uk)016193496
040 _aStEdALDL
_beng
_erda
_cStEdALDL
_dUk
_dUkOxU
_dKH8
042 _aukblsr
082 0 4 _a823.914 WIL
_223
100 1 _aWilson, Jacqueline,
_eauthor.
240 1 0 _aNovels.
_kSelections
245 1 0 _aJacqueline Wilson's funny girls /
_cillustrated by Nick Sharratt.
264 1 _aLondon :
_bCorgi Yearling,
_c2012.
264 4 _c©1997
300 _a365 pages :
_billustrations (black and white) ;
_c20 cm
336 _atext
_2rdacontent
337 _aunmediated
_2rdamedia
338 _avolume
_2rdacarrier
500 _aOriginally published as: The Jacqueline Wilson collection. London : Corgi Yearling, 1997.
505 0 _aThe story of Tracy Beaker -- The bed and breakfast star.
530 _aAlso available online.
700 1 2 _aWilson, Jacqueline.
_tStory of Tracy Beaker.
700 1 2 _aWilson, Jacqueline.
_tBed and breakfast star.
700 1 _aSharratt, Nick,
_eillustrator.
942 _2ddc
_cNFIC